| 000 | 00631nam a22002297a 4500 | ||
|---|---|---|---|
| 001 | 00028812 | ||
| 005 | 20260417065555.0 | ||
| 008 | 260417b ag ||||| |||| 00| 0 spa d | ||
| 020 | _a9789870707776 | ||
| 040 |
_aAR-CcCEOS _bspa _cAR-CcCEOS |
||
| 041 | _aspa | ||
| 080 | _a860-36(82) | ||
| 090 | _bPRA6 | ||
| 100 | 1 |
_aPratt, Hugo _91073 |
|
| 245 |
_aCorto Maltes 6 : _bLa conga de las bananas. Cita en Bahia / _cHugo Pratt |
||
| 250 | _a1a ed. | ||
| 260 |
_aBuenos Aires : _bArte Grafico, _c2010. |
||
| 300 |
_av. 6, 80 p. ; _c21x14 cm. |
||
| 490 | _vCorto Maltes ; 6 | ||
| 655 | 0 |
_ahistorieta _9207 |
|
| 942 |
_2udc _cBK _n0 |
||
| 999 |
_c28848 _d28848 |
||